005850000a22001570004500008004100000020001500041082001600056110004600072245011700118260005500235300001800290650004600308650001900354650001900373710003500392230817t ||||| |||| 00| 0 eng d a2912606055 a305.42bINT aInternational Women's Human Rights Clinic a Shadow report on Algeria :b to the Committee on the Elimination of Discrimination Against Women, January, 1999 a[Grabels];bWomen Living Under Muslim Laws, c2000 a24 p. ; 21 cm aSex discrimination against women -Algeria aWomen in Islam aWomen's rights aWomen Living Under Muslim Laws